|
|
|
|
| LEADER |
00732cam a2200193 7i4500 |
| 001 |
0000025054 |
| 005 |
20101101090000.0 |
| 020 |
0 |
0 |
|a 978-0-07-160585-4
|
| 090 |
0 |
0 |
|a B 658.049
|b SOL
|
| 100 |
1 |
0 |
|a Solomon
|
| 245 |
1 |
0 |
|a Managing across cultures :
|b the seven keys to doing business with a global mindset.
|
| 260 |
0 |
0 |
|a New York:
|b McGraw Hill,
|c 2009.
|
| 300 |
# |
# |
|a 348 p.
|
| 650 |
0 |
0 |
|a International business enterprises --
|x Management
|
| 650 |
0 |
0 |
|a International business enterprises --
|x Management --
|x Cross-cultural studies
|
| 650 |
0 |
0 |
|a Management --
|x Cross-cultural studies
|
| 650 |
0 |
0 |
|a Corporate culture --
|x Cross-cultural studies
|
| 700 |
1 |
1 |
|a Schell,
|h Michael S.
|
| 999 |
|
|
|a B000027817
|b Book
|c Book
|e Business Information Centre
|